000 00847nam a2200253Ia 4500
003 OSt
005 20220918112041.0
006 a|||||r|||| 00| 0
007 ta
008 220915b |||||||| |||| 00| 0 hin d
024 _a36263
037 _cTextbook
040 _bhin
_aARTS
_cARTS
041 _ahin
082 _aO15,2v, 152L4
100 _aउपाध्याय, रामजी
_91695
245 0 _aमध्यकालीन संस्कृत-नाटक
246 _aMadhyakālīn sanskṛuta-nāṭaka
260 _aैंसागर
_bसंस्कृत परिषद भारत
_c1974
300 _a504पण्
_ccm.
650 _aहिन्दी साहित्य
942 _hO15,2v, 152L4
_cTB
_2CC
999 _c118091
_d118091